000 00929nac a22002291u 4500
010 _a 95013689
020 _a9840512722 (Dhaka)
020 _a1856492737 (hb)
020 _a1856492745 (pb)
082 0 0 _a338.90082
_bJAH
090 _c8881
_d8881
100 _aJahan, Rounaq.
245 1 4 _aThe elusive agenda :
_bmainstreaming women in development /
_cRounaq Jahan.
260 _aDhaka, Bangladesh :
_bUniversity Press ;
_aLondon ;
_aAtlantic Highlands, N.J. :
_bZed Books,1995
_c1995.
300 _axiv, 144 p. :
_bill. ;
_c23 cm.
500 _adistributer: Scientific home bookshop
504 _aIncludes bibliographical references (p. [134]-139) and index.
511 _acatalogued by: wessam
650 0 _aWomen in development.
942 _cBB
_k338.90082JAH
999 _c8881
_d8881